00676nam a2200229Ia 4500003000900000008004100009040001300050040001300063041000800076100001800084245002100102250001100123260001200134260000900146300001000155300001000165490004300175490000600218942000700224999001700231952019800248IT-RoPAU120407s9999 xx 000 0 und d aIT-RoPAU cIT-RoPAU aita aHenri Bergson aSaggi pedagogici aTorino aParavia c1962 a72 p. c20 cm aBiblioteca di filosofia e pedagogia,11 v1 cBK c36509d36509 00102ddc406108_41100000000000071aPAULUSbPAULUSd2012-04-11l0o108.411r2012-04-11 00:00:00w2012-04-11yBKzInserito da: Carla In data: 24 ottobre 2011 fondo: Via A.Severo 56 Progr:31636